000 01437nam a2200433 c 4500
001 17281
003 ES-MaCES
005 20250121040010.0
008 050211s2004 sp d t o000 | spa d
017 _aBI 44717-2004
_bDL
020 _a8477999880
024 7 _a207-04-065-8
_2nipo
035 _aCES20050001179m
040 _aES-MaCES
_bspa
_cES-MaCES
245 0 4 _aLas mujeres y la paz
_b: génesis y evolución de conceptualizaciones, símbolos y prácticas
_cMª Dolores Mirón Pérez (dir.) ; Cándida Martínez López ... [et al.]
260 _aMadrid
_bInstituto de la Mujer
_c2004
300 _a521 p.
_c24 cm
490 1 _aEstudios
_v85
504 _aBibliografía: p. 457-521
541 _cGratuito
650 4 _amujeres
_928657
650 4 _apaz
_926698
650 4 _aguerra
_926699
650 4 _aconflicto armado
_930364
650 4 _asistema de valores
_929392
650 4 _aactitud
_926696
650 4 _aterminología
_928999
650 4 _asímbolo
_927359
650 4 _aantropología social y cultural
_927254
650 4 _ahistoria
_927251
653 1 0 _aMujer
700 1 _aMartínez López, Cándida
_917857
700 1 _aMirón Pérez, María Dolores
_edir.
_918712
710 2 _aInstituto de la Mujer (España)
_eed.
_94190
830 0 _aEstudios (Instituto de la Mujer (España))
_v85
_932074
902 _aLIB Libro
942 _2CES
_cBK
_h3.3.
999 _c17281
_d17281